Optimálna právna forma podnikania vo väzbe na právne, účtovné a daňové aspekty bakalárska práca

Salvato in:
Dettagli Bibliografici
Autore principale: Babjaková, Monika
Ente Autore: Fakulta hospodárskej informatiky EU. Katedra účtovníctva a audítorstva
Altri autori: Solík, Ján
Natura: Libro
Lingua:slovacco
Pubblicazione: Bratislava 2009
Tags: Aggiungi Tag
Nessun Tag, puoi essere il primo ad aggiungerne!!

MARC

LEADER 00000nam$a2200000$$$4500
001 0096021
005 20240318134810.8
041 0 |a slo 
044 |a SK 
245 1 0 |a Optimálna právna forma podnikania vo väzbe na právne, účtovné a daňové aspekty  |b bakalárska práca  |c Monika Babjaková ; škol. Ján Solík 
264 1 |a Bratislava  |c 2009 
300 |a 39 s. 
100 1 |a Babjaková, Monika 
700 1 |a Solík, Ján 
710 2 |a Fakulta hospodárskej informatiky EU. Katedra účtovníctva a audítorstva